| 000 | 00589nam a2200157 i 4500 | ||
|---|---|---|---|
| 001 | 42535 | ||
| 003 | ES-MaACL | ||
| 007 | t| | ||
| 008 | 030404s1884 fr ||||1| fre d | ||
| 100 | 1 |
_aBarrois, Charles. _926037 |
|
| 245 | 1 | 0 |
_aMémoire sur les grès métamorphiques du massif granitique du Guéméné (Morbihan) / _cpar Charles Barrois. |
| 260 |
_aLille : _b[s.n., _c1884] ( _fImp. Liégeoix-Six) |
||
| 300 |
_ap. [103]- 140 p. ; _c23 cm. |
||
| 500 | _aExtrait des Annales de la Société Géologique du Nord. T.XI, p. 103, séance du 6 Février 1884. | ||
| 852 |
_aES-MaACL _jT-910-F-11 |
||
| 999 |
_c42535 _d42535 |
||